00996cam a22003258i 450000100090000000300040000900500170001300800410003001000170007101600180008802000310010602000280013704000230016504200080018805000220019608200150021810000300023324501350026325000240039826300090042226400300043130000150046133600210047633700250049733800230052250400510054565000230059670000330061970000180065219038610OSt20220725093340.0160401s2016 mau b 001 0 eng  a 2016010431 a9789332586116 a9780134410968 (alk. paper) a0134410963 (alk. paper) aDLCbengcDLCerda apcc00aHM1033b.B35 201600a302bBAR/S1 aBaron, Robert A.eauthor.10aSocial psychology /cRobert A. Baron, Oklahoma State University, Nyla R. Branscombe, University of Kansas. Adapted by Preeti Kapur aFourteenth edition. a1605 1aIndia :bPearson,c[2022] a870 pages  atext2rdacontent aunmediated2rdamedia avolume2rdacarrier aIncludes bibliographical references and index. 0aSocial psychology.1 aBranscombe, Nyla R.eauthor. aKapur, Preeti